Význam soft skills v kariérnom a osobnostnom rozvoji
Podstata soft skills. Budovanie soft skills. Význam soft skills. Miesto soft skills v profesionálnom rozvoji.
Enregistré dans:
| Auteur principal: | |
|---|---|
| Autres auteurs: | |
| Format: | Chapitre de livre |
| Langue: | slovaque |
| Sujets: | |
| Tags: |
Pas de tags, Soyez le premier à ajouter un tag!
|
MARC
| LEADER | 00000nla a2200000 4500 | ||
|---|---|---|---|
| 001 | 0163787 | ||
| 005 | 20240502072841.0 | ||
| 041 | 0 | |a slo | |
| 044 | |a SK | ||
| 245 | 1 | 0 | |a Význam soft skills v kariérnom a osobnostnom rozvoji |c Dagmar Lesáková, Júlia Lipianska |
| 520 | |a Podstata soft skills. Budovanie soft skills. Význam soft skills. Miesto soft skills v profesionálnom rozvoji. | ||
| 610 | 2 | 0 | |a zamestnanci |
| 610 | 2 | 0 | |a kapitál ľudský |
| 610 | 2 | 0 | |a komunikácia |
| 610 | 2 | 0 | |a správanie |
| 610 | 2 | 0 | |a vedenie ľudí |
| 610 | 2 | 0 | |a kariéra |
| 610 | 2 | 0 | |a schopnosti pracovné |
| 610 | 2 | 0 | |a zamestnávatelia |
| 610 | 2 | 0 | |a manažéri |
| 100 | 1 | |a Lesáková, Dagmar, 1949- | |
| 700 | 1 | |a Lipianska, Júlia | |